| 000 | 00529cam a22001457a 4500 | ||
|---|---|---|---|
| 008 | 180718b1976 xxu||||| |||| 00| 0 eng d | ||
| 082 | _aB3x54071 P434 | ||
| 100 | _aPerti, R.K. | ||
| 245 |
_aSouth Asia: frontier policies, administrative problems and Lord Lansdowne _cby R.K. Perti |
||
| 260 |
_aNew Delhi _bOriental _c1976 |
||
| 300 | _a328p. | ||
| 650 | _aSouth Asia --Boundaries. | ||
| 650 | _aIndia --Politics and government --19th century | ||
| 650 | _aLansdowne, Henry Charles Keith Petty-FitzMaurice, Marquess of, 1845-1927 | ||
| 999 |
_c350947 _d350947 |
||